000 01871nam0a2200373 4500
001 RU\NLR\bibl\1354161
005 20260412063958.0
010 _a978-5-8021-0640-2
_9300
021 _aRU
_b2009-9317
_9541
035 _aRSL-KNO-004248474
035 _a(NLR Aleph) 001339223
090 _a850020
_c850020
100 _a20080425d2007 |||y0rusy50 ca
101 0 _arus
102 _aRU
105 _ay j |||||
200 1 _aАкушерство. Преждевременные роды
_e[учебное пособие]
_fЕ. Г. Гуменюк, Т. А. Власова, О. К. Погодин
_gФедер. агентство по образованию, Гос. образоват. учреждение высш. проф. образования Петрозав. гос. ун-т
210 _aПетрозаводск
_cИздательство ПетрГУ
_d2007
215 _a123 с.
_d20
320 _aБиблиогр.: с. 110-123 (201 назв.)
517 0 _aПреждевременные роды
606 1 _aПреждевременные роды
_jУчебные издания
_9905978
_3RU\NLR\auth\6610278
686 _aР716.228,07
_2rubbk
686 _aР716.228я7
700 1 _aГуменюк
_bЕ. Г.
_gЕлена Георгиевна
_4070
701 1 _4070
_8rus
_7ca
_aВласова
_bТ. А.
_cканд. мед. наук
_gТатьяна Александровна
_3RU\NLR\auth\7757348
_940280
701 1 _4070
_8rus
_7ca
_aПогодин
_bО. К.
_gОлег Константинович
_3RU\NLR\auth\7782616
_965544
712 0 2 _4570
_aПетрозаводский государственный университет
_3RU\NLR\AUTH\889931527
_9358480
801 0 _aRU
_bНБР Карелия
_c20080425
_grcr
801 1 _aRU
_bНБР Карелия
_c20080425
801 2 _aRU
_bNLR
_c20090408
_grcr
942 _cBOOK
980 _aNB